000
00334pab a2200145 454500
008
180718b1997 xxu||||| |||| 00| 0 eng d
100
_a
Dalal, A.H.
245
_a
VDIS, 1997: amnesty and honesty
260
_c
1997
300
_a
p.10-14
362
_a
Aug
650
_a
Income tax
773
_a
Chartered Accountant
909
_a
35112
999
_c
35112
_d
35112